Introduction to differential equations /

Bibliographic Details
Main Author: Buck, R. Creighton (Robert Creighton), 1920-
Other Authors: Buck, Ellen F.
Format: Book
Language:English
Published: Boston : Houghton Mifflin, [1976]
Subjects:

MARC

Tag First Indicator Second Indicator Subfields
LEADER 00000cam a2200000 i 4500
001 in00000343821
005 20151011052225.0
008 760227s1976 maua b 00110 eng
010 |a  75025009  
020 |a 0395206545 
035 |a (OCoLC)02088997 
035 |9 ABL2683AM 
040 |a DLC  |c DLC  |d TXA  |d UtOrBLW 
049 |a TXAM  |c [1434587] 
050 0 0 |a QA372  |b .B87 
082 0 |a 515/.35 
100 1 |a Buck, R. Creighton  |q (Robert Creighton),  |d 1920- 
245 1 0 |a Introduction to differential equations /  |c R. Creighton Buck, in collaboration with Ellen F. Buck. 
264 1 |a Boston :  |b Houghton Mifflin,  |c [1976] 
264 4 |c ©1976 
300 |a x, 356, 62 pages :  |b illustrations ;  |c 25 cm. 
336 |a text  |b txt  |2 rdacontent 
337 |a unmediated  |b n  |2 rdamedia 
338 |a volume  |b nc  |2 rdacarrier 
500 |a Includes index. 
504 |a Bibliography: pages 34-35 (3d group). 
650 0 |a Differential equations. 
700 1 |a Buck, Ellen F. 
999 |a MARS 
999 f f |s da79a3e5-03d3-3c08-a5f2-64eabe3b01ec  |i 04f3fc2a-e5d8-3629-bef9-445f56f34f03  |t 0 
952 f f |p normal  |a Texas A&M University  |b College Station  |c Sterling C. Evans Library  |d Evans: Library Stacks  |t 0  |e QA372 .B87  |h Library of Congress classification  |i unmediated -- volume  |m A14804530753 
998 f f |a QA372 .B87  |t 0  |l Evans: Library Stacks